Making Mondragón : the growth and dynamics of the worker cooperative complex /

Bibliographic Details
Main Author: Whyte, William Foote, 1914-2000
Other Authors: Whyte, Kathleen King
Format: Book
Language:English
Published: Ithaca, NY : ILR Press, [1988]
Series:Cornell international industrial and labor relations reports ; no. 14.
Subjects:

MARC

Tag First Indicator Second Indicator Subfields
LEADER 00000cam a22000008a 4500
001 in00000029258
005 20151007060147.0
008 880317s1988 nyu b 00110 eng
010 |a  88008809  
020 |a 0875461379 (alk. paper) 
020 |z 0876461387 (pbk. : alk. paper) 
035 |a (OCoLC)17731250 
035 |9 AAC0180AM 
040 |a DLC  |c DLC  |d TXA  |d UtOrBLW 
043 |a e-sp--- 
049 |a TXAM  |c [A11116730] 
050 0 0 |a HD3218.M66  |b W48 1988 
082 0 |a 334/.6/094661  |2 19 
100 1 |a Whyte, William Foote,  |d 1914-2000. 
245 1 0 |a Making Mondragón :  |b the growth and dynamics of the worker cooperative complex /  |c William Foote Whyte, Kathleen King Whyte. 
263 |a 8805 
264 1 |a Ithaca, NY :  |b ILR Press,  |c [1988] 
264 4 |c ©1988 
300 |a x, 317 pages 
336 |a text  |b txt  |2 rdacontent 
337 |a unmediated  |b n  |2 rdamedia 
338 |a volume  |b nc  |2 rdacarrier 
490 1 |a Cornell international industrial and labor relations report ;  |v no. 14 
504 |a Bibliography: pages 297-306. 
500 |a Includes index. 
650 0 |a Producer cooperatives  |z Spain  |z Mondragón. 
700 1 |a Whyte, Kathleen King. 
830 0 |a Cornell international industrial and labor relations reports ;  |v no. 14. 
999 |a MARS 
999 f f |s f22f37b5-3ff0-3610-be80-5065736d5cf9  |i 7ba6046a-6b17-3424-97fa-c1bc6ba6cb1f  |t 0 
952 f f |p normal  |a Texas A&M University  |b College Station  |c Sterling C. Evans Library  |d Evans: Library Stacks  |t 0  |e HD3218.M66 W48 1988  |h Library of Congress classification  |i unmediated -- volume  |m A14811116730 
998 f f |a HD3218.M66 W48 1988  |t 0  |l Evans: Library Stacks